| 000 | 01587nam a2200121Ia 4500 | ||
|---|---|---|---|
| 008 | 220620s9999||||xx |||||||||||||| ||und|| | ||
| 100 | _aNagy, Bálint | ||
| 245 | 0 | _aCell-Free Nucleic Acids | |
| 546 | _aEnglish[eng] | ||
| 650 | _an/a||screening||single nucleotide polymorphism||predictive and preventive approach||PTEN||cell-free DNAs||fetal fraction||gestational hypertension||RASSF1||CDH1||RT-PCR||cfDNA||statistical models||hematopoietic stem cell transplantation||NanoString||solid organ transplantation||copy number variants||sarcomas||liquid biopsy||obesity||fetal DNA||neutrophil extracellular traps||mammography||non-invasive prenatal testing||ovarian cancer||circulating miRNA||pyrosequencing||growth retardation||preeclampsia||gestational diabetes mellitus||biomarker||inflammatory bowel disease||multi-level diagnostics||PAX1||population study||nuclease activity||NETosis||omics||piRNA||cell-free DNA||prediction||leiomyosarcomas||network analysis||NGS||statistical methods||circulating nucleic acids||deletion/insertion polymorphism||gender differences||leiomyomas||fetal growth restriction||blood plasma||exosomes||miRNA||pregnancy-related complications||NIPT||genetic marker||cell-free nucleic acids||extracellular vesicles||expression||next generation sequencing||breast cancer||individualized patient profile||circulating tumor cells||maternal serum screening||personalized medicine||embryo culture medium||C19MC microRNA||DNA||cell-free RNAs||z-score||fetal cells||microchimerism||aging||plasma | ||
| 856 | _uhttps://www.mdpi.com/books/pdfview/book/1974 | ||
| 942 | _cEB | ||
| 999 |
_c23724 _d23724 |
||